[Event "Gütersloher SV 1 - SK Münster 1"]
[Site "NRW-Klasse, Gruppe 2 2012/201"]
[Date "2012.10.21"]
[Round "2.6"]
[White "Grochtmann, Stephan"]
[Black "Kamp, Christoph"]
[Result "1-0"]
[WhiteElo "2030"]
[BlackElo "2165"]
[PlyCount "71"]
[EventDate "2012.??.??"]
[WhiteTeam "Gütersloher SV 1"]
[BlackTeam "SK Münster 1"]

1. e4 e6 2. d4 d5 3. Nd2 Nf6 4. Bd3 c5 5. e5 Nfd7 6. c3 Nc6 7. Ne2 cxd4 8. cxd4
Qb6 9. O-O Nxd4 10. Nxd4 Qxd4 11. Nf3 Qb6 12. Qa4 Qb4 13. Qc2 Nc5 14. Bd2 Qa4
15. b3 Qd7 16. Bxh7 g6 17. Ng5 Ne4 18. Nxe4 dxe4 19. Rfd1 Be7 20. Bxg6 fxg6 21.
Qxe4 Kf7 22. Rac1 Qe8 23. Rc7 Kg8 24. Bb4 Bg5 25. f4 Bh4 26. g3 Rh7 27. Rxh7
Kxh7 28. gxh4 a5 29. Bc5 Ra6 30. h5 Rc6 31. Be7 Qxe7 32. Qxg6+ Kh8 33. Qh6+ Kg8
34. Kh1 Bd7 35. Rg1+ Kf7 36. Qg6+ 1-0

[Event "Gütersloher SV 1 - SK Münster 1"]
[Site "NRW-Klasse, Gruppe 2 2012/201"]
[Date "2012.10.21"]
[Round "2.7"]
[White "Chilla, Jan Eric"]
[Black "Krueger, Tim"]
[Result "1/2-1/2"]
[WhiteElo "2098"]
[BlackElo "2046"]
[Annotator "Doe,John"]
[PlyCount "67"]
[EventDate "2012.??.??"]
[WhiteTeam "SK Münster 1"]
[BlackTeam "Gütersloher SV 1"]

1. d4 Nf6 2. c4 e5 3. dxe5 Ng4 4. Bf4 Nc6 5. Nf3 Bb4+ 6. Nbd2 Qe7 7. e3 Ngxe5
8. Nxe5 Nxe5 9. a3 Bxd2+ 10. Qxd2 d6 11. Be2 b6 12. O-O Bb7 13. b4 Ng6 14. Qd4
Nxf4 15. Qxf4 Qe5 16. Qxe5+ dxe5 17. c5 O-O-O 18. Rfd1 f6 19. Rac1 Kb8 20. h4
h6 21. Bg4 Bc8 $11 22. Be2 Be6 23. cxb6 cxb6 24. Ba6 Bc8 25. Bb5 Bb7 26. Kh2
Rhf8 27. Kg3 Rh8 28. Be2 Rxd1 29. Rxd1 Kc7 30. Rc1+ Kd6 31. Bg4 Rd8 32. Bf5 Bd5
33. f3 Bf7 34. Be4 1/2-1/2

[Event "Gütersloher SV 1 - SK Münster 1"]
[Site "NRW-Klasse, Gruppe 2 2012/201"]
[Date "2012.10.21"]
[Round "2.8"]
[White "Minosjan, Artur"]
[Black "Borrink, Joern"]
[Result "1/2-1/2"]
[WhiteElo "1977"]
[BlackElo "2120"]
[PlyCount "58"]
[EventDate "2012.??.??"]
[WhiteTeam "Gütersloher SV 1"]
[BlackTeam "SK Münster 1"]

1. e4 e6 2. d4 d5 3. e5 c5 4. c3 Nc6 5. Nf3 Qb6 6. a3 f6 7. Bd3 cxd4 8. cxd4
Bd7 9. O-O Be7 10. Nc3 a6 11. Re1 O-O-O 12. Na4 Qa7 13. Bf1 b5 14. Nc3 fxe5 15.
dxe5 Bc5 16. Re2 Nge7 17. Bg5 h6 18. Bxe7 Bxe7 19. Rc2 Kb7 20. Rac1 Qb6 21. b4
Rhf8 22. Ne2 Rc8 23. Ned4 Rf4 24. Nb3 g5 25. g3 Rf7 26. Nbd4 Na7 27. Bg2 Kb8
28. Nb3 Nc6 29. Nbd4 Na7 1/2-1/2

[Event "SF Neuenkirchen 1 - SF Gerresheim 1"]
[Site "NRW-Klasse, Gruppe 2 2012/201"]
[Date "2012.10.21"]
[Round "2.1"]
[White "Savchenko, Vyacheslav"]
[Black "Muschik, Benedikt"]
[Result "1-0"]
[WhiteElo "2336"]
[BlackElo "2271"]
[PlyCount "76"]
[EventDate "2012.??.??"]
[WhiteTeam "SF Gerresheim 1"]
[BlackTeam "SF Neuenkirchen 1"]

1. e4 g6 2. h4 d5 3. exd5 Qxd5 4. Nc3 Qd6 5. h5 Bg7 6. Qf3 Nc6 7. Bb5 Bd7 8.
Nge2 Nh6 9. d3 O-O-O 10. a3 f5 11. Qd5 Rde8 12. Bc4 Ng4 13. f3 Nf6 14. Qxd6
exd6 15. h6 Bf8 16. Bg5 Be7 17. O-O-O Nh5 18. Bd2 Rhf8 19. Nd5 Bd8 20. Rde1 Ne5
21. Bb3 Be6 22. Nd4 Bg8 23. f4 Ng4 24. Rxe8 Rxe8 25. Nxf5 Nf2 26. Re1 Rxe1+ 27.
Bxe1 Nxd3+ 28. cxd3 gxf5 29. Nb6+ axb6 30. Bxg8 Nxf4 31. Bd2 Bg5 32. Kc2 Bxh6
33. g3 Ne2 34. Bxh6 Nxg3 35. Bxh7 Kb8 36. Be3 Nh5 37. Bxf5 Nf6 38. Be6 c6 1-0

[Event "SF Neuenkirchen 1 - SF Gerresheim 1"]
[Site "NRW-Klasse, Gruppe 2 2012/201"]
[Date "2012.10.21"]
[Round "2.2"]
[White "Rieke, Theo"]
[Black "Dresen, Ulrich"]
[Result "1/2-1/2"]
[WhiteElo "2037"]
[BlackElo "2166"]
[PlyCount "35"]
[EventDate "2012.??.??"]
[WhiteTeam "SF Neuenkirchen 1"]
[BlackTeam "SF Gerresheim 1"]

1. Nf3 d5 2. d4 Nf6 3. c4 c6 4. Nc3 a6 5. cxd5 cxd5 6. Bf4 Nc6 7. e3 Bg4 8. Be2
e6 9. h3 Bxf3 10. Bxf3 Bd6 11. Bxd6 Qxd6 12. O-O O-O 13. Na4 Rac8 14. Rc1 Nd7
15. Qd2 Rc7 16. Rc2 Rfc8 17. Rfc1 Ne7 18. Rxc7 1/2-1/2

[Event "SF Neuenkirchen 1 - SF Gerresheim 1"]
[Site "NRW-Klasse, Gruppe 2 2012/201"]
[Date "2012.10.21"]
[Round "2.3"]
[White "Koehler, Markus"]
[Black "Haves, Reinhard"]
[Result "0-1"]
[WhiteElo "2102"]
[BlackElo "2174"]
[PlyCount "86"]
[EventDate "2012.??.??"]
[WhiteTeam "SF Gerresheim 1"]
[BlackTeam "SF Neuenkirchen 1"]

1. e4 d6 2. d4 g6 3. Nc3 Bg7 4. f4 c6 5. Nf3 Bg4 6. Be3 Qb6 7. Qd2 Bxf3 8. gxf3
Qa5 9. O-O-O Nd7 10. e5 Nh6 11. Bh3 Nb6 12. Qe2 d5 13. Kb1 e6 14. Bd2 Nc4 15.
Qd3 Nxd2+ 16. Rxd2 Qd8 17. Ne2 Qh4 18. Bg2 Nf5 19. Ng3 Qxf4 20. Nxf5 gxf5 21.
Rdd1 Bh6 22. Qb3 O-O-O 23. a4 Rhg8 24. Bf1 Qe3 25. Rd3 Qe1+ 26. Ka2 Qa5 27. Kb1
Kb8 28. c3 c5 29. dxc5 Qxc5 30. Rd4 Ka8 31. Ka2 Be3 32. Rh4 h6 33. f4 d4 34.
cxd4 Rxd4 35. Rxh6 Rb4 36. Qd1 Bxf4 37. Rh3 Bxe5 38. b3 Qf2+ 39. Be2 Rd4 40.
Qc2 Qg2 41. Rc3 Qxh1 42. Bf3 Qxh2 43. Rc8+ Rxc8 0-1

[Event "SF Neuenkirchen 1 - SF Gerresheim 1"]
[Site "NRW-Klasse, Gruppe 2 2012/201"]
[Date "2012.10.21"]
[Round "2.4"]
[White "Wilde, Pierre"]
[Black "van Lanen, Toon"]
[Result "1/2-1/2"]
[WhiteElo "2253"]
[BlackElo "2123"]
[PlyCount "68"]
[EventDate "2012.??.??"]
[WhiteTeam "SF Neuenkirchen 1"]
[BlackTeam "SF Gerresheim 1"]

1. c4 e5 2. g3 Nc6 3. Nc3 g6 4. Bg2 Bg7 5. e4 d6 6. Nge2 Nge7 7. d3 O-O 8. O-O
Be6 9. Nd5 f5 10. Be3 Qd7 11. Qd2 Rae8 12. Rac1 Nd4 13. Nxd4 exd4 14. Bg5 Nc6
15. f4 Nd8 16. Rfe1 c6 17. exf5 Rxf5 18. Nb4 Rff8 19. Nc2 Nf7 20. Bh4 Nh6 21.
Bg5 Nf5 22. Be4 h6 23. Bxf5 Bxf5 24. Bh4 Rxe1+ 25. Rxe1 Re8 26. b3 Re6 27. Kf2
Kf7 28. Rxe6 Qxe6 29. Qe2 Qxe2+ 30. Kxe2 Ke8 31. Na3 Bg4+ 32. Ke1 Bf5 33. Ke2
Bg4+ 34. Ke1 Bf5 1/2-1/2

[Event "SF Neuenkirchen 1 - SF Gerresheim 1"]
[Site "NRW-Klasse, Gruppe 2 2012/201"]
[Date "2012.10.21"]
[Round "2.5"]
[White "Selten, Jan"]
[Black "Buendgen, Achim"]
[Result "1-0"]
[WhiteElo "2075"]
[BlackElo "2216"]
[Annotator "Doe,John"]
[PlyCount "77"]
[EventDate "2012.??.??"]
[WhiteTeam "SF Gerresheim 1"]
[BlackTeam "SF Neuenkirchen 1"]

1. e4 e5 2. Bc4 Nf6 3. Nf3 Nxe4 4. Nc3 Nc6 5. O-O Nxc3 6. dxc3 Be7 7. Qd5 O-O
8. Nxe5 Nxe5 9. Qxe5 Bf6 10. Qh5 c6 11. Be3 d5 12. Rad1 g6 13. Qf3 Bf5 14. Bd3
Bxd3 15. Rxd3 Bg7 16. c4 d4 17. b3 Qb6 18. Bg5 Rfe8 19. h4 h5 20. Bd2 Re6 21.
c3 Rae8 22. g3 $11 Re4 23. cxd4 Bxd4 24. Bc3 Bxc3 25. Rxc3 Qa5 26. a4 Qe5 27.
Rd3 Qe6 28. Rfd1 Re1+ 29. Rxe1 Qxe1+ 30. Kg2 a5 31. Rd7 Re7 32. Rd8+ Kg7 33.
Qf4 Qc3 34. Qd6 Qb4 35. Qd4+ f6 36. Rb8 Qe1 37. Qd8 Qe4+ 38. Kh2 Qe6 39. Qh8+
1-0

[Event "SF Neuenkirchen 1 - SF Gerresheim 1"]
[Site "NRW-Klasse, Gruppe 2 2012/201"]
[Date "2012.10.21"]
[Round "2.6"]
[White "Seegers, Hendrik"]
[Black "Liedmann, Denis"]
[Result "1-0"]
[WhiteElo "2167"]
[BlackElo "2097"]
[PlyCount "59"]
[EventDate "2012.??.??"]
[WhiteTeam "SF Neuenkirchen 1"]
[BlackTeam "SF Gerresheim 1"]

1. d4 g6 2. c4 Bg7 3. Nc3 d6 4. Nf3 Nd7 5. e3 e5 6. Be2 Ne7 7. O-O O-O 8. b3 f5
9. dxe5 Nxe5 10. Nxe5 Bxe5 11. Bb2 f4 12. exf4 Rxf4 13. Nd5 Rf5 14. Bxe5 Rxe5
15. f4 Rf5 16. Bf3 c6 17. Nxe7+ Qxe7 18. Qd4 Be6 19. Rae1 Rf6 20. Re2 a6 21.
Rfe1 Qf7 22. g3 Rd8 23. h4 Kf8 24. h5 g5 25. fxg5 Rxf3 26. Rxe6 Kg8 27. g6 hxg6
28. Rxg6+ Kh7 29. Qe4 Re8 30. Re6+ 1-0

[Event "SF Neuenkirchen 1 - SF Gerresheim 1"]
[Site "NRW-Klasse, Gruppe 2 2012/201"]
[Date "2012.10.21"]
[Round "2.7"]
[White "Bondarchuk, Vadim"]
[Black "Winnemoeller, Bernd"]
[Result "1/2-1/2"]
[WhiteElo "1964"]
[BlackElo "1975"]
[PlyCount "183"]
[EventDate "2012.??.??"]
[WhiteTeam "SF Gerresheim 1"]
[BlackTeam "SF Neuenkirchen 1"]

1. e4 e5 2. Nf3 Nc6 3. Bb5 Bc5 4. O-O d6 5. d4 exd4 6. Nxd4 Bd7 7. Nxc6 bxc6 8.
Bc4 Qh4 9. Nd2 Ne7 10. Qf3 O-O 11. Qg3 Qxg3 12. hxg3 Be6 13. Bd3 f5 14. Nb3 Bb6
15. Bg5 Rae8 16. Rae1 fxe4 17. Rxe4 Nf5 18. Kh2 h6 19. Bd2 d5 20. Re2 Nd6 21.
f3 Bf7 22. Bb4 Rxe2 23. Bxe2 Re8 24. Bd3 Nb7 25. Ba6 c5 26. Ba3 c4 27. Bxb7
cxb3 28. axb3 c5 29. Rd1 Rd8 30. Re1 Rd7 31. Ba6 g6 32. Bb5 Rd8 33. Re5 Kg7 34.
Bc6 Kf6 35. Re2 Rd6 36. Bb5 Re6 37. Rd2 Re1 38. g4 Bc7+ 39. g3 Bd6 40. Kg2 g5
41. Bc6 Ke5 42. Kf2 Rh1 43. Re2+ Kf6 44. Kg2 Rc1 45. c3 Rd1 46. Kf2 a5 47. Bd7
d4 48. cxd4 Rxd4 49. Re3 Bxg3+ 50. Kxg3 Rxd7 51. Bxc5 Rd5 52. b4 axb4 53. Bxb4
Rb5 54. Bc3+ Kg6 55. Rd3 Rb6 56. Kf2 h5 57. Re3 hxg4 58. fxg4 Be6 59. Kg3 Bb3
60. Re5 Rd6 61. Re3 Bc2 62. Kf2 Bd1 63. Re4 Bc2 64. Re8 Bb3 65. Re7 Bd1 66. Re4
Bb3 67. Re1 Bd1 68. Rg1 Bb3 69. Ke3 Rd1 70. Rg3 Bc4 71. Ke4 Rf1 72. Be5 Be6 73.
b4 Re1+ 74. Kd4 Rd1+ 75. Ke3 Re1+ 76. Kd4 Rd1+ 77. Kc3 Rc1+ 78. Kd3 Rb1 79. Bc3
Kf7 80. Kd4 Rf1 81. Bd2 Rd1 82. Rg2 Bxg4 83. Rxg4 Rxd2+ 84. Kc5 Kf6 85. b5 Rc2+
86. Kb6 Rb2 87. Rc4 Kf5 88. Kc6 g4 89. b6 g3 90. Rc5+ Kf4 91. b7 Rxb7 92. Kxb7
1/2-1/2

[Event "SF Neuenkirchen 1 - SF Gerresheim 1"]
[Site "NRW-Klasse, Gruppe 2 2012/201"]
[Date "2012.10.21"]
[Round "2.8"]
[White "Hachmeister, Dirk"]
[Black "Niemers, Johannes"]
[Result "1-0"]
[WhiteElo "2180"]
[BlackElo "2003"]
[PlyCount "81"]
[EventDate "2012.??.??"]
[WhiteTeam "SF Neuenkirchen 1"]
[BlackTeam "SF Gerresheim 1"]

1. Nf3 d5 2. c4 e6 3. b3 Nf6 4. Bb2 Be7 5. e3 O-O 6. Be2 b6 7. d3 Bb7 8. Nbd2
a5 9. a3 c5 10. O-O Nc6 11. Ne5 Nxe5 12. Bxe5 Nd7 13. Bc3 Bf6 14. Qc2 d4 15.
exd4 cxd4 16. Bb2 Ne5 17. f4 Ng6 18. Bf3 Bxf3 19. Rxf3 Nh4 20. Rf2 g6 21. Re1
Nf5 22. Ne4 Be7 23. Qe2 b5 24. Qf3 bxc4 25. dxc4 Qb6 26. Qd3 Rab8 27. Rf3 Rb7
28. g4 Nh4 29. Rh3 Rd8 30. Re2 Rdb8 31. Rxh4 Bxh4 32. g5 Rd8 33. Nf6+ Kf8 34.
b4 axb4 35. axb4 Ra7 36. b5 Qa5 37. Kg2 Be1 38. Nxh7+ Ke7 39. Bxd4 Bb4 40. Bf6+
Ke8 41. Bxd8 1-0

[Event "SK KS Iserlohn 1 - SG Solingen 3"]
[Site "NRW-Klasse, Gruppe 2 2012/201"]
[Date "2012.10.21"]
[Round "2.1"]
[White "Kniest, Oliver"]
[Black "Scheider, Julian"]
[Result "1/2-1/2"]
[WhiteElo "2255"]
[BlackElo "2330"]
[PlyCount "56"]
[EventDate "2012.??.??"]
[WhiteTeam "SG Solingen 3"]
[BlackTeam "SK KS Iserlohn 1"]

1. d4 Nf6 2. c4 c5 3. d5 b5 4. cxb5 a6 5. bxa6 g6 6. Nc3 Bxa6 7. e4 Bxf1 8.
Kxf1 d6 9. g3 Bg7 10. Kg2 Nbd7 11. Nf3 O-O 12. a4 Qa5 13. Bd2 Qb6 14. Qe2 Qa6
15. Nb5 Ne8 16. Bc3 Nc7 17. Bxg7 Kxg7 18. Ra3 Rab8 19. Rha1 Nxb5 20. axb5 Qxb5
21. Qxb5 Rxb5 22. Ra7 Rd8 23. Rc7 Kf8 24. Raa7 Ke8 25. Nd2 Rbb8 26. Nc4 Rbc8
27. Rcb7 Rb8 28. Rc7 Rbc8 1/2-1/2

[Event "SK KS Iserlohn 1 - SG Solingen 3"]
[Site "NRW-Klasse, Gruppe 2 2012/201"]
[Date "2012.10.21"]
[Round "2.2"]
[White "Messarius, Juergen"]
[Black "Gupta, Milon"]
[Result "1/2-1/2"]
[WhiteElo "2198"]
[BlackElo "2226"]
[PlyCount "43"]
[EventDate "2012.??.??"]
[WhiteTeam "SK KS Iserlohn 1"]
[BlackTeam "SG Solingen 3"]

1. e4 e5 2. Nf3 Nc6 3. d4 exd4 4. Nxd4 Nf6 5. Nxc6 bxc6 6. e5 Qe7 7. Qe2 Nd5 8.
c4 Nb6 9. Nc3 Bb7 10. Qe4 g6 11. Bd3 Bg7 12. O-O O-O 13. f4 Rfe8 14. b3 d6 15.
a4 f5 16. Qe1 dxe5 17. Ba3 Qd8 18. Rd1 exf4 19. Ne2 Qg5 20. Qf2 c5 21. Bc1 Be5
22. Bxf4 1/2-1/2

[Event "SK KS Iserlohn 1 - SG Solingen 3"]
[Site "NRW-Klasse, Gruppe 2 2012/201"]
[Date "2012.10.21"]
[Round "2.3"]
[White "Hobusch, Alexander"]
[Black "Schmuecker, Marcus"]
[Result "1/2-1/2"]
[WhiteElo "2217"]
[BlackElo "2135"]
[PlyCount "48"]
[EventDate "2012.??.??"]
[WhiteTeam "SG Solingen 3"]
[BlackTeam "SK KS Iserlohn 1"]

1. d4 e6 2. Nf3 f5 3. g3 Nf6 4. Bg2 d5 5. O-O Bd6 6. c4 c6 7. Qc2 O-O 8. Nc3
Ne4 9. Rb1 Nd7 10. b4 b5 11. cxb5 Nxc3 12. Qxc3 cxb5 13. Bf4 Bxf4 14. gxf4 Nb6
15. Rfc1 Nc4 16. Ne5 Bd7 17. Nd3 Qe7 18. Nc5 a5 19. bxa5 Rxa5 20. a4 Rfa8 21.
axb5 Bxb5 22. Ra1 Ra2 23. Rxa2 Rxa2 24. Rb1 Nd6 1/2-1/2

[Event "SK KS Iserlohn 1 - SG Solingen 3"]
[Site "NRW-Klasse, Gruppe 2 2012/201"]
[Date "2012.10.21"]
[Round "2.4"]
[White "Klauke, Stefan"]
[Black "Fichtner, Ewald"]
[Result "0-1"]
[WhiteElo "2130"]
[BlackElo "2021"]
[PlyCount "50"]
[EventDate "2012.??.??"]
[WhiteTeam "SK KS Iserlohn 1"]
[BlackTeam "SG Solingen 3"]

1. e4 c6 2. Nc3 d5 3. Nf3 Bg4 4. Be2 e6 5. O-O Nf6 6. h3 Bh5 7. exd5 cxd5 8. g4
Bg6 9. Bb5+ Nfd7 10. Re1 Be7 11. h4 Bxh4 12. Nxd5 Kf8 13. b3 Bxf2+ 14. Kxf2
exd5 15. d4 Nc6 16. Ba3+ Kg8 17. Bxc6 bxc6 18. Be7 Qc7 19. Bh4 Be4 20. Bg3 Qd8
21. Ne5 Qf6+ 22. Kg1 Nxe5 23. dxe5 Qg6 24. c4 h5 25. cxd5 cxd5 0-1

[Event "SK KS Iserlohn 1 - SG Solingen 3"]
[Site "NRW-Klasse, Gruppe 2 2012/201"]
[Date "2012.10.21"]
[Round "2.5"]
[White "Neumair, Jerome"]
[Black "Franke, Thomas"]
[Result "1/2-1/2"]
[WhiteElo "2079"]
[BlackElo "2028"]
[PlyCount "57"]
[EventDate "2012.??.??"]
[WhiteTeam "SG Solingen 3"]
[BlackTeam "SK KS Iserlohn 1"]

1. d4 Nf6 2. c4 d6 3. Nc3 g6 4. e4 Bg7 5. Nf3 O-O 6. h3 e5 7. d5 a5 8. Be3 Nfd7
9. g4 Na6 10. Nd2 Ndc5 11. h4 f5 12. gxf5 gxf5 13. h5 Kh8 14. h6 Bf6 15. Qh5 f4
16. Bxc5 Nxc5 17. Ke2 Qe8 18. Qf3 Rg8 19. Bh3 Rg5 20. Rag1 Qg6 21. Rxg5 Qxg5
22. Nb5 Na6 23. Bxc8 Rxc8 24. Qh3 Rg8 25. Nf3 Qg4 26. Qh2 Qg6 27. Nc3 Qg2 28.
Qh5 Qg6 29. Qh3 1/2-1/2

[Event "SK KS Iserlohn 1 - SG Solingen 3"]
[Site "NRW-Klasse, Gruppe 2 2012/201"]
[Date "2012.10.21"]
[Round "2.6"]
[White "Kramps, Rene"]
[Black "Peschel, Andreas"]
[Result "1/2-1/2"]
[WhiteElo "2010"]
[BlackElo "2184"]
[Annotator "Doe,John"]
[PlyCount "67"]
[EventDate "2012.??.??"]
[WhiteTeam "SK KS Iserlohn 1"]
[BlackTeam "SG Solingen 3"]

1. e4 g6 2. d4 Bg7 3. Nf3 c6 4. Nc3 d5 5. Be2 Bg4 6. Be3 dxe4 7. Nxe4 Nd7 8.
O-O Ngf6 9. Nxf6+ Nxf6 10. h3 Bxf3 11. Bxf3 O-O 12. Qd2 Nd5 13. Bh6 Bxh6 14.
Qxh6 Qb6 15. Bxd5 cxd5 16. Qd2 $11 Rfc8 17. c3 a5 18. Rfe1 e6 19. Re3 Qd6 20.
Rg3 b5 21. Re1 b4 22. Re5 bxc3 23. bxc3 Rab8 24. h4 Rb1+ 25. Kh2 Qa3 26. Re1
Rxe1 27. Qxe1 h5 28. Rxg6+ Kf8 29. Rg3 Qe7 30. Rg5 Qc7+ 31. Rg3 Qf4 32. Kh3
Qf5+ 33. Kh2 Qf4 34. Kh3 1/2-1/2

[Event "SK KS Iserlohn 1 - SG Solingen 3"]
[Site "NRW-Klasse, Gruppe 2 2012/201"]
[Date "2012.10.21"]
[Round "2.7"]
[White "Auer, Martin"]
[Black "Glatzel, Jonas"]
[Result "1-0"]
[WhiteElo "2172"]
[BlackElo "1965"]
[PlyCount "49"]
[EventDate "2012.??.??"]
[WhiteTeam "SG Solingen 3"]
[BlackTeam "SK KS Iserlohn 1"]

1. f4 Nf6 2. Nf3 d5 3. e3 Bg4 4. Be2 Bxf3 5. Bxf3 c6 6. O-O Nbd7 7. b3 Qc7 8.
d4 e6 9. c4 Be7 10. Nc3 O-O 11. Qd3 Rfd8 12. Bd2 Bb4 13. Rfc1 Qd6 14. a3 Bxc3
15. Bxc3 c5 16. b4 b6 17. dxc5 bxc5 18. cxd5 Nxd5 19. Rd1 Qb6 20. Bxd5 exd5 21.
Qxd5 cxb4 22. Bd4 Qb8 23. axb4 Qxb4 24. Rxa7 Nf8 25. Qxf7+ 1-0

[Event "SK KS Iserlohn 1 - SG Solingen 3"]
[Site "NRW-Klasse, Gruppe 2 2012/201"]
[Date "2012.10.21"]
[Round "2.8"]
[White "Eckardt, Joshua"]
[Black "Goerke, Joachim"]
[Result "1-0"]
[WhiteElo "1960"]
[BlackElo "2008"]
[PlyCount "99"]
[EventDate "2012.??.??"]
[WhiteTeam "SK KS Iserlohn 1"]
[BlackTeam "SG Solingen 3"]

1. d4 d5 2. Nf3 c6 3. c4 e6 4. e3 f5 5. Bd3 Bd6 6. b3 Qe7 7. Bb2 Nf6 8. O-O O-O
9. Qc1 Nbd7 10. Ba3 c5 11. cxd5 Nxd5 12. Nbd2 b6 13. Nc4 Bb8 14. Nce5 Bxe5 15.
Nxe5 Nxe5 16. dxe5 a5 17. e4 fxe4 18. Bxe4 Nf4 19. Qc2 Ra7 20. Bxh7+ Kh8 21.
Bc1 Qg5 22. Bxf4 Qxf4 23. Rfe1 Raf7 24. f3 Qh6 25. Be4 Rd7 26. Rad1 Rfd8 27.
Rxd7 Rxd7 28. Qc1 Qd2 29. a3 Ba6 30. f4 Qxc1 31. Rxc1 Rd4 32. Re1 Bd3 33. Bxd3
Rxd3 34. Rb1 Rd2 35. Rf1 g6 36. Rf3 Kg7 37. a4 Kf7 38. h4 Rd4 39. Kh2 Rb4 40.
Kg3 c4 41. bxc4 Rxa4 42. Rc3 Ke7 43. Kg4 Rb4 44. Kg5 a4 45. g4 Rb3 46. Rc1 Rg3
47. Rb1 Rb3 48. Ra1 Rb4 49. Rc1 a3 50. Ra1 1-0

[Event "SK Herne-Sodingen 1 - Herforder SV KS 1"]
[Site "NRW-Klasse, Gruppe 2 2012/201"]
[Date "2012.10.21"]
[Round "2.1"]
[White "Nordsieck, Thomas"]
[Black "Graw, Christopher"]
[Result "1-0"]
[WhiteElo "2245"]
[BlackElo "2177"]
[PlyCount "81"]
[EventDate "2012.??.??"]
[WhiteTeam "Herforder SV KS 1"]
[BlackTeam "SK Herne-Sodingen 1"]

1. e4 c5 2. b4 cxb4 3. a3 d5 4. exd5 Qxd5 5. Nf3 Bg4 6. Bb2 b3 7. Nc3 Qd8 8.
Bb5+ Bd7 9. Bc4 bxc2 10. Qxc2 e6 11. O-O Nf6 12. d4 Be7 13. d5 O-O 14. dxe6
Bxe6 15. Bxe6 fxe6 16. Ng5 Re8 17. Nb5 Qc8 18. Nc7 h6 19. Bxf6 hxg5 20. Qg6
Bxf6 21. Nxe8 Bxa1 22. Rxa1 Qc3 23. Rd1 Nc6 24. Qxe6+ Kh8 25. Nd6 Qf6 26. Qh3+
Kg8 27. Qb3+ Kh7 28. Ne4 Qe7 29. Qd3 Kg8 30. Qd5+ Qf7 31. Qxf7+ Kxf7 32. Rd7+
Kg6 33. Rxb7 Rd8 34. f3 Rd1+ 35. Kf2 Ra1 36. Rc7 Na5 37. Rc3 Nb7 38. Rc6+ Kh5
39. Ng3+ Kh4 40. Rc4+ g4 41. Rxg4# 1-0

[Event "SK Herne-Sodingen 1 - Herforder SV KS 1"]
[Site "NRW-Klasse, Gruppe 2 2012/201"]
[Date "2012.10.21"]
[Round "2.2"]
[White "Sandkamp, Ralph"]
[Black "Pieper-Emden, Carsten"]
[Result "1/2-1/2"]
[WhiteElo "2202"]
[BlackElo "2176"]
[PlyCount "40"]
[EventDate "2012.??.??"]
[WhiteTeam "SK Herne-Sodingen 1"]
[BlackTeam "Herforder SV KS 1"]

1. c4 e6 2. Nf3 Nf6 3. g3 b6 4. Bg2 Bb7 5. O-O Be7 6. Nc3 c5 7. b3 O-O 8. d4
cxd4 9. Qxd4 d6 10. Rd1 Nbd7 11. e4 a6 12. Ba3 Nc5 13. e5 dxe5 14. Qxd8 Rfxd8
15. Nxe5 Bxg2 16. Kxg2 Bf8 17. Rxd8 Rxd8 18. Rd1 Rxd1 19. Nxd1 Bd6 20. Bxc5
Bxc5 1/2-1/2

[Event "SK Herne-Sodingen 1 - Herforder SV KS 1"]
[Site "NRW-Klasse, Gruppe 2 2012/201"]
[Date "2012.10.21"]
[Round "2.3"]
[White "Wolf, Andre"]
[Black "Langers, Alexander"]
[Result "1/2-1/2"]
[WhiteElo "2123"]
[BlackElo "2156"]
[PlyCount "75"]
[EventDate "2012.??.??"]
[WhiteTeam "Herforder SV KS 1"]
[BlackTeam "SK Herne-Sodingen 1"]

1. e4 c5 2. c3 d5 3. exd5 Qxd5 4. d4 Nf6 5. Nf3 Bg4 6. Be2 e6 7. h3 Bh5 8. O-O
Nc6 9. Be3 cxd4 10. cxd4 Be7 11. Nc3 Qd6 12. Qb3 O-O 13. Rfd1 Rfd8 14. Rac1 a6
15. Na4 b5 16. Nc5 Re8 17. a4 Na5 18. Qc3 Qb6 19. b4 Nd5 20. Qe1 Nc6 21. Nxa6
Ncxb4 22. axb5 Nxa6 23. bxa6 Bxf3 24. gxf3 Bb4 25. Qf1 Nc3 26. Rxc3 Bxc3 27. d5
Qd6 28. dxe6 Qxe6 29. Bc4 Qf6 30. f4 Qg6+ 31. Kh2 Bb4 32. Rd7 Re7 33. Rxe7 Bxe7
34. a7 Bd6 35. Qg2 Bxf4+ 36. Bxf4 Qxg2+ 37. Kxg2 Rxa7 38. Bd5 1/2-1/2

[Event "SK Herne-Sodingen 1 - Herforder SV KS 1"]
[Site "NRW-Klasse, Gruppe 2 2012/201"]
[Date "2012.10.21"]
[Round "2.5"]
[White "Quelle, Helmut"]
[Black "Wickenfeld, Stefan"]
[Result "0-1"]
[WhiteElo "2106"]
[BlackElo "2045"]
[Annotator "Doe,John"]
[PlyCount "152"]
[EventDate "2012.??.??"]
[WhiteTeam "Herforder SV KS 1"]
[BlackTeam "SK Herne-Sodingen 1"]

1. Nf3 Nf6 2. g3 g6 3. Bg2 Bg7 4. c4 O-O 5. O-O c6 6. d4 d5 7. cxd5 cxd5 8. Ne5
Ne4 9. Nd2 Nxd2 10. Bxd2 Qb6 11. Bc3 e6 12. e3 Nc6 13. Qd2 Nxe5 14. dxe5 Bd7
15. Rfc1 Bc6 16. Bd4 Qd8 17. Rc2 Qd7 18. Rac1 Rfc8 19. b3 Bf8 $11 20. Bb2 b6
21. e4 dxe4 22. Qxd7 Bxd7 23. Rc7 Rxc7 24. Rxc7 Bb5 25. Bxe4 Rd8 26. Rxa7 Rd1+
27. Kg2 Re1 28. Kf3 Be2+ 29. Ke3 Bf1+ 30. Kf3 g5 31. g4 Be2+ 32. Kg2 Bf1+ 33.
Kf3 h5 34. Ra4 Be2+ 35. Kg2 Bxg4 36. h3 Be2 37. Bc3 Bf1+ 38. Kg1 Rd1 39. Rd4
Rc1 40. Bd2 Ra1 41. Bc3 Rc1 42. Bd2 Ra1 43. Bxg5 Bd3+ 44. Kg2 Bxe4+ 45. Rxe4
Rxa2 46. Ra4 Ra3 47. Rxa3 Bxa3 48. Be3 b5 49. Kf3 Kg7 50. Ke4 Kg6 51. Bb6 Bb2
52. Bd4 Bxd4 53. Kxd4 Kg5 54. Kc5 Kh4 55. Kxb5 Kxh3 56. Kc5 Kg4 57. b4 h4 58.
b5 h3 59. b6 h2 60. b7 h1=Q 61. b8=Q Qd5+ 62. Kb4 Qd4+ 63. Kb3 Qd3+ 64. Kb2
Qd2+ 65. Kb3 Qxf2 66. Qg8+ Kh3 67. Qh7+ Kg2 68. Kc3 Qe3+ 69. Kb4 Qf4+ 70. Kb3
Kf3 71. Qh1+ Ke3 72. Qa1 Ke4 73. Kc4 Kf5+ 74. Kd3 Qe4+ 75. Kd2 Qxe5 76. Qa7 Kg6
0-1

[Event "SK Herne-Sodingen 1 - Herforder SV KS 1"]
[Site "NRW-Klasse, Gruppe 2 2012/201"]
[Date "2012.10.21"]
[Round "2.6"]
[White "Waldschmidt, Georg"]
[Black "Bykovskij, Sergej"]
[Result "1-0"]
[WhiteElo "2208"]
[BlackElo "2042"]
[PlyCount "81"]
[EventDate "2012.??.??"]
[WhiteTeam "SK Herne-Sodingen 1"]
[BlackTeam "Herforder SV KS 1"]

1. e4 c6 2. d4 d5 3. exd5 cxd5 4. c4 Nf6 5. Nc3 e6 6. Nf3 Be7 7. cxd5 Nxd5 8.
Bc4 Nc6 9. O-O O-O 10. Re1 Bf6 11. Ne4 h6 12. Bb3 b6 13. a3 Nce7 14. Qd3 Ng6
15. Bc2 a5 16. Ne5 Bxe5 17. dxe5 Ba6 18. Qg3 Qc7 19. Nc3 Nde7 20. h4 f5 21. h5
f4 22. Qg4 Nh8 23. Bxf4 Nf5 24. Rad1 Rae8 25. Bxf5 exf5 26. Qg3 Re6 27. Nd5 Qc6
28. Nf6+ Rfxf6 29. exf6 Rxe1+ 30. Rxe1 Qxf6 31. Re8+ Kh7 32. Be5 Qf7 33. Rd8
Be2 34. Rc8 f4 35. Bxf4 Bxh5 36. Rc7 Qf8 37. Bd6 Qg8 38. Be5 Nf7 39. Bc3 Bg6
40. Qg4 Qe8 41. Qd4 1-0